| 000 | 00652nam a22002177a 4500 | ||
|---|---|---|---|
| 005 | 20170124110203.0 | ||
| 010 | _aA-680127 | ||
| 020 |
_c00.00 _a817224133 |
||
| 035 | _aA-680127 | ||
| 037 | _bCen Lib/Ret | ||
| 040 |
_aDPL _bEN |
||
| 082 |
_a001.6424 _bDAS |
||
| 100 |
_aDas, P. P. _936746 |
||
| 245 |
_aA Comprehensive guide to problems and solutions on pascal / _cby P. P. Das |
||
| 260 |
_aBombay _bJaico Publishing House _c1993 |
||
| 270 |
_a121, M. G. Road _bBombay _e400023 |
||
| 300 |
_a86p. _c21cm(Hb) |
||
| 650 |
_aComputer science _980027 |
||
| 650 |
_aProgramming Languages _91109 |
||
| 942 |
_2ddc _cEN _h001.6424 _mDAS |
||
| 999 |
_c133079 _d133079 |
||